Central Library OPAC University of Rajshahi

মুজিবপিডিয়া : (Record no. 81130)

MARC details
000 -LEADER
fixed length control field 01337nam a2200253 a 4500
001 - CONTROL NUMBER
control field 81130
003 - CONTROL NUMBER IDENTIFIER
rucl marc code BD-RjUL
005 - DATE AND TIME OF LATEST TRANSACTION
control field 20230125151013.0
008 - FIXED-LENGTH DATA ELEMENTS--GENERAL INFORMATION
fixed length control field 230125s2022 bg ||||| |||| 00| 0 ben d
020 ## - INTERNATIONAL STANDARD BOOK NUMBER
International Standard Book Number 9789843518033
035 ## - SYSTEM CONTROL NUMBER
System control number (BD-RjUL)81130
040 ## - CATALOGING SOURCE
Original cataloging agency BD-RjUL
Language of cataloging eng
Transcribing agency BD-RjUL
041 ## - LANGUAGE CODE
Language code of text/sound track or separate title ben
082 ## - DEWEY DECIMAL CLASSIFICATION NUMBER
Edition number 23
Classification number 954.920509203
Author mark and year MUJ 2022
245 ## - TITLE STATEMENT
Title মুজিবপিডিয়া :
Remainder of title জাতির পিতা বঙ্গবন্ধু শেখ মুজিবুর রহমান জ্ঞানকোষ /
Statement of responsibility, etc. প্রধান সম্পাদক কামাল চৌধুরী ; সম্পাদক ফরিদ কবির
260 ## - PUBLICATION, DISTRIBUTION, ETC. (IMPRINT)
Place of publication, distribution, etc. ঢাকা :
Name of publisher, distributor, etc. হিস্ট্রি অ্যান্ড কালচার সার্কেল বাংলাদেশ লিমিটেড,
Date of publication, distribution, etc. ২০২২
300 ## - PHYSICAL DESCRIPTION
Pagination ২খণ্ড:
Illustrations চিত্রসমূহ;
Size ২৮ সেমি.
505 01 - FORMATTED CONTENTS NOTE
Formatted contents note খণ্ড.১ -- খণ্ড.২--
600 ## - SUBJECT ADDED ENTRY--PERSONAL NAME
Personal name মুজিবুর রহমান, শেখ,
Dates associated with a name ১৯২০-১৯৭৫
General subdivision জীবনী
-- জ্ঞানকোষ
Personal name Mujibur Rahman, Sheikh,
Dates associated with a name 1920-1975
General subdivision Biography
-- Encyclopedia
700 ## - ADDED ENTRY--PERSONAL NAME
Personal name চৌধুরী, কামাল
Personal name কবির, ফরিদ
942 ## - ADDED ENTRY ELEMENTS (KOHA)
Source of classification or shelving scheme Dewey Decimal Classification
Koha item type Reference
Holdings
Lost status Source of classification or shelving scheme Damaged status Not for loan Collection code Permanent Location Current Location Shelving location Date acquired Source of acquisition Cost, normal purchase price Full call number Date last seen Copy number Koha item type
  Dewey Decimal Classification   Not For Loan Non-fiction Central Library, University of Rajshahi Central Library, University of Rajshahi Reference 29/12/2022 Rajshahi : Biddasagar 6000.00 BR 954.920509203 MUJ V-1 2022 25/01/2023 C-1 Books
  Dewey Decimal Classification   Not For Loan Non-fiction Central Library, University of Rajshahi Central Library, University of Rajshahi Reference 29/12/2022 Rajshahi : Biddasagar 6000.00 BR 954.920509203 MUJ V-2 2022 25/01/2023 C-1 Books